Score 0/16 Timer 02:00
2 Plays Today
Hint 5-Letter Word % Correct
Vehicle accidentCRASH
92.2%
Felony or murder, e.g.CRIME
90.6%
Top or bottom of a pieCRUST
90.2%
Household goal in spring*CLEAN*
89.6%
PulverizeCRUSH
87.2%
'Logo' of a familyCREST
87.1%
Household problem after winter; dirt*GRIME*
82.7%
What someone may do to your styleCRAMP
80.9%
Hint 5-Letter Word % Correct
Place of learningCLASS
80.5%
Box to hold thingsCHEST
80.5%
Bend or foldCRIMP
78.9%
Device to hold an object in placeCLAMP
78.1%
Conflict; opposeCLASH
78.1%
Projection on a shoe to provide tractionCLEAT
77.1%
Swindle; defraudCHEAT
76.7%
Slang for moneyCLAMS
69.1%

Today's Daily Dose

Missing Word
'T' Pairs

Word Ladder
Game Pieces

Get the Picture
Baseball Movies

Remove Ads.
Support Sporcle.
Get the best of Sporcle when you Go Orange. This ad-free experience offers more features, more stats, and more fun while also helping to support Sporcle. Thank you for becoming a member.

You're not logged in!

Compare scores with friends on all Sporcle quizzes.
OR
Log In

Show Comments

Extras

Top Quizzes Today


Score Distribution

Your Account Isn't Verified!

In order to create a playlist on Sporcle, you need to verify the email address you used during registration. Go to your Sporcle Settings to finish the process.

Report this User

Report this user for behavior that violates our Community Guidelines.

Details: